| 000 -ლიდერი |
| ფიქსირებული სიგრძის საკონტროლო ველი |
02257nam a2200289Ia 4500 |
| 001 - საკონტროლო ნომერი |
| საკონტროლო ველი |
22325 |
| 003 - საკონტროლო ნომრის იდენტიფიკატორი |
| საკონტროლო ველი |
GE_BSU |
| 005 - ბოლო ოპერაციის თარიღი და დრო |
| საკონტროლო ველი |
20250731153228.0 |
| 008 - ფიქსირებული სიგრძის მონაცემთა ელემენტები - ზოგადი ინფორმაცია |
| ფიქსირებული სიგრძის საკონტროლო ველი |
181216s2018||||ge |||||||||||||| ||geo|| |
| 020 ## - წიგნის საერთაშორისო სტანდარტული ნომერი |
| International Standard Book Number |
9789941277863 |
| 040 ## - კატალოგიზაციის წყარო |
| Transcribing agency |
GE_BSU |
| 041 ## - ენის კოდი |
| Language code of text/sound track or separate title |
geo |
| 080 ## - უნივერსალური ათობითი კლასიფიკაციის ინდექსი |
| Universal Decimal Classification number |
32+94(479.22) ს-32 |
| 100 ## - მთავარი ჩანაწერი - პიროვნების სახელი |
| Personal name |
|
| 9 (RLIN) |
25721 |
| 245 ## - ცნობა სათაურის შესახებ |
| Title |
საქართველოს რეგიონების ცხოვრება 1918-1921 წლებში / |
| Statement of responsibility, etc |
ავტორები: გიორგი არობელიძე, თეიმურაზ ბეჟანიძე, მარიამ გულიაშვილი [და სხვ.] ; სამეცნ. რედაქტორი ლელა გაფრინდაშვილი ; ტექსტის რედაქტორი ელზა ნაბახტეველი ; დიზაინერი მაკა ცომაია. |
| 264 ## - წარმოების, გამოცემის, დისტრიბუციის და სხვა ცნობები |
| გამოცემის, წარმოების, დისტრიბუციის... ადგილი |
თბილისი : |
| გამოცემის, წარმოების, დისტრიბუციის... სახელწოდება |
სამოქალაქო აქტივიზმის კვლევის ცენტრი (CARC), |
| გამოცემის, წარმოების, დისტრიბუციის... თარიღი |
2018. |
| 300 ## - ფიზიკური აღწერა |
| Extent |
224 გვ. ; |
| Dimensions |
20 სმ. |
| 500 ## - ზოგადი შენიშვნა |
| General note |
ეძღვნება საქართველოს დემოკრატიული რესპუბლიკის ასი წლის იუბილეს |
| 500 ## - ზოგადი შენიშვნა |
| General note |
გამოცემა მომზადებულია პროექტის "ადგილობრივი დემოკრატია საქართველოში - 1918-1921 წლების გამოცდილება" ფარგლებში ფონდ "ღია საზოგადოება - საქართველოს ფინანსური მხარდაჭერით |
| 653 ## - INDEX TERM--UNCONTROLLED |
| Uncontrolled term |
პოლიტიკა |
| 653 ## - INDEX TERM--UNCONTROLLED |
| Uncontrolled term |
საქართველოს რეგიონების ცხოვრება 1918-1921 წლებში |
| 700 ## - ADDED ENTRY--PERSONAL NAME |
| Relator code |
გიორგი არობელიძე |
| Dates associated with a name |
ავტორი |
| 9 (RLIN) |
25722 |
| 700 ## - ADDED ENTRY--PERSONAL NAME |
| Relator code |
თეიმურაზ ბეჟანიძე |
| Dates associated with a name |
ავტორი |
| 9 (RLIN) |
25722 |
| 700 ## - ADDED ENTRY--PERSONAL NAME |
| Relator code |
მარიამ გულიაშვილი |
| Dates associated with a name |
ავტორი |
| 9 (RLIN) |
25722 |
| 942 ## - ADDED ENTRY ELEMENTS (KOHA) |
| Koha item type |
წიგნი |
| Source of classification or shelving scheme |
|